| 000 | 00358nam a2200145Ia 4500 | ||
|---|---|---|---|
| 008 | 221030s9999 xx 000 0 und d | ||
| 041 | _aEnglish | ||
| 082 | _a105.23 | ||
| 100 | _aS. K. Bajpai | ||
| 245 | 0 |
_aIntroduction to Computers and C- Programming _cby S. K. Bajpai, D. S. Yadav |
|
| 260 | _c0 | ||
| 650 | _aB | ||
| 700 | _aD. S. Yadav | ||
| 942 | _cBK | ||
| 999 |
_c13779 _d13779 |
||